[Event "It (open)"]
[Site "masterchessopen.com Cerdaniola del Valles (Spain)"]
[Date "2010.10.30"]
[Round "5"]
[White "Vigo Allepuz David (ESP)"]
[Black "Fernandez Aguilar Francisco (ESP)"]
[Result "1-0"]
[WhiteElo "2119"]
[BlackElo "1927"]

1.d4 d5 2.c4 c6 3.Nf3 Nf6 4.Nc3 e6 5.Bg5 dxc4 6.e4 b5 7.e5 h6 8.Bh4 g5 9.Nxg5
hxg5 10.Bxg5 Nbd7 11.Qf3 Qb6 12.exf6 Bb7 13.Qe3 O-O-O 14.O-O-O c5 15.d5 Nb8
16.dxe6 Rxd1+ 17.Nxd1 fxe6 18.h4 Na6 19.h5 Nb4 20.Nc3 Nd5 21.Nxd5 exd5 22.Qe8+
Kc7 23.Bf4+ Bd6 24.Qe7+ Kc8 25.Bxd6 {#r} 1-0

[Event "Czech League 2010/11 (krajsky prebor)"]
[Site "masterchessopen.com Czech Republic"]
[Date "2010.11.14"]
[Round "3"]
[White "Vacula Pavel (CZE)"]
[Black "Kulistak Milan (CZE)"]
[Result "0-1"]
[WhiteElo "2013"]
[BlackElo "2026"]

1.d4 d5 2.c4 c6 3.Nc3 Nf6 4.Nf3 e6 5.Bg5 dxc4 6.e4 b5 7.e5 h6 8.Bh4 g5 9.Nxg5
hxg5 10.Bxg5 Nbd7 11.exf6 Bb7 12.Be2 Qb6 13.Bf3 O-O-O 14.O-O Ne5 15.dxe5 Rxd1
16.Raxd1 b4 17.Ne4 c5 18.Nd2 Bxf3 19.Nxf3 Qa6 20.a3 c3 21.axb4 cxb2 22.Be3 c4
23.Bd4 Qa3 24.Ng5 c3 25.Nxf7 Rh7 26.Ng5 Rd7 {#R} 0-1

[Event "Ch Wojewodztwa Slaskiego"]
[Site "masterchessopen.com Zabrze (Poland)"]
[Round "1"]
[White "Gromada Andrzej (POL)"]
[Black "Maczioszek Oliwer (POL)"]
[Result "1-0"]
[WhiteElo "1942"]
[BlackElo "1507"]

1.d4 d5 2.c4 c6 3.Nc3 Nf6 4.Nf3 e6 5.Bg5 dxc4 6.e4 Be7 7.Bxc4 O-O 8.O-O Nbd7
9.Qc2 h6 10.Bf4 b5 11.Bd3 Bb7 12.e5 Nd5 13.Nxd5 exd5 14.Rfe1 Bb4 15.Re3 Re8
16.a3 Qa5 17.Bh7+ Kh8 18.Rd1 Bf8 19.Ng5 Re7 20.Bg8 g6 21.Bxf7 Rxf7 22.Nxf7+
Kg7 23.e6 Nf6 24.Bxh6+ Kh7 25.Rh3 {#r} 1-0

[Event "Ch Department"]
[Site "masterchessopen.com Bucaramanga (Colombia)"]
[Date "2010.12.19"]
[Round "4"]
[White "Peinado Giovanny (COL)"]
[Black "Gomez Chacon Andres Felipe"]
[Result "0-1"]
[WhiteElo "2213"]
[BlackElo "2003"]

1.d4 d5 2.c4 e6 3.Nc3 Nf6 4.Nf3 c6 5.Bg5 dxc4 6.e4 b5 7.e5 h6 8.Bh4 g5 9.Nxg5
hxg5 10.Bxg5 Nbd7 11.exf6 Qa5 12.Be2 Bb7 13.O-O O-O-O 14.Bf3 Ne5 15.Be4 b4
16.Ne2 Ng4 17.h4 Bh6 18.Qc1 Qc7 19.f4 Qb6 20.Qd2 c5 21.Rfd1 {#R} 0-1

[Event "It \"]
[Site "masterchessopen.com Cammeray (Australia)"]
[Date "2011.01.02"]
[Round "1"]
[White "Zhao Zong-Yuan (AUS)"]
[Black "Davis Tony (AUS)"]
[Result "1-0"]
[WhiteElo "2570"]
[BlackElo "1942"]

1.d4 d5 2.c4 c6 3.Nf3 Nf6 4.Nc3 e6 5.Bg5 dxc4 6.e4 b5 7.e5 h6 8.Bh4 g5 9.Bg3
Nh5 10.Be2 Bb7 11.a4 Qb6 12.Nxg5 Nxg3 13.hxg3 Nd7 14.Bh5 hxg5 15.Bxf7+ Kxf7
16.Rxh8 Ke7 17.Qg4 Kd8 18.a5 Qa6 19.Qxe6 Kc7 20.Rxf8 Rxf8 21.Qd6+ Kc8 22.e6
Rd8 23.exd7+ Rxd7 24.Qc5 Kb8 25.Ne4 Rd5 26.Qf8+ {#r} 1-0

[Event "It (open)"]
[Site "masterchessopen.com Lienz (Austria)"]
[Date "2011.02.19"]
[Round "9"]
[White "Diermair Andreas (AUT)"]
[Black "Sadilek Peter (AUT)"]
[Result "1-0"]
[WhiteElo "2414"]
[BlackElo "2235"]

1.d4 Nf6 2.c4 e6 3.Nf3 d5 4.Nc3 c6 5.Bg5 dxc4 6.e4 b5 7.e5 h6 8.Bh4 g5 9.exf6
gxh4 10.Ne5 Qxf6 11.a4 Bb7 12.axb5 cxb5 13.Bxc4 bxc4 14.Qa4+ Kd8 15.Qa5+ Kc8
16.Ra4 Nc6 17.Rxc4 Qd8 18.Qa4 {#r} 1-0

[Event "Extraliga 2010/11"]
[Site "masterchessopen.com Slovakia"]
[Date "2011.03.12"]
[Round "7"]
[White "Hanko Pavol (SVK)"]
[Black "Srvatka Igor (SVK)"]
[Result "0-1"]
[WhiteElo "2138"]
[BlackElo "2226"]

1.d4 d5 2.Nf3 Nf6 3.c4 c6 4.Nc3 e6 5.Bg5 dxc4 6.e4 b5 7.e5 h6 8.Bh4 g5 9.exf6
gxh4 10.Ne5 Qxf6 11.a4 b4 12.Ne4 Qf5 13.Qb1 Nd7 14.Nxc4 Qd5 15.Be2 h3 16.gxh3
f5 17.Ng3 Bb7 18.Bh5+ Kd8 19.Ne3 Qxd4 20.Ne2 Qh4 21.Bf3 Bc5 22.Qd3 Kc7 23.Qc4
Ne5 {#R} 0-1

[Event "It \"]
[Site "masterchessopen.com Denham (England)"]
[Date "2011.03.19"]
[Round "3"]
[White "Hebbes Tim (ENG)"]
[Black "Taylor Martin R (ENG)"]
[Result "0-1"]
[WhiteElo "2119"]
[BlackElo "2337"]

1.d4 d5 2.Nf3 Nf6 3.c4 c6 4.Nc3 e6 5.Bg5 dxc4 6.e4 b5 7.e5 h6 8.Bh4 g5 9.Nxg5
hxg5 10.Bxg5 Nbd7 11.exf6 Qa5 12.h4 Bb7 13.Qc2 O-O-O 14.O-O-O Nb6 15.Kb1 c5
16.Be3 b4 17.dxc5 Bxc5 18.Rxd8+ Rxd8 19.Ne4 b3 20.axb3 Rd1+ 21.Qxd1 Bxe4+
22.Kc1 Bb4 {#R} 0-1

[Event "Ch Giessen"]
[Site "masterchessopen.com Giessen (Germany)"]
[Date "2011.04.01"]
[Round "5"]
[White "Heese Mike"]
[Black "Bauch Frank (GER)"]
[Result "1-0"]
[WhiteElo "1736"]
[BlackElo "1972"]

1.d4 d5 2.Nf3 Nf6 3.c4 c6 4.Nc3 e6 5.Bg5 dxc4 6.a4 Bb4 7.e3 Qa5 8.Bxf6 Bxc3+
9.bxc3 Qxc3+ 10.Nd2 gxf6 11.Bxc4 Qa5 12.O-O Nd7 13.f4 f5 14.Be2 O-O 15.Rf3 Qd8
16.Rh3 Nb6 17.g4 Nd5 18.Bd3 f6 19.Kf2 Rf7 20.gxf5 exf5 21.Qh5 Be6 22.Rg1+ Kh8
23.Bxf5 Bxf5 24.Qxf7 Nxf4 25.Qg7# 1-0

[Event "Ch Lower Rhine"]
[Site "masterchessopen.com Solingen (Germany)"]
[Date "2011.04.21"]
[Round "6"]
[White "Uhlenbrock Steffan (GER)"]
[Black "Hobusch Jan (GER)"]
[Result "0-1"]
[WhiteElo "1844"]
[BlackElo "2036"]

1.c4 Nf6 2.Nc3 c6 3.d4 d5 4.Bg5 e6 5.Nf3 dxc4 6.e4 b5 7.e5 h6 8.Bh4 g5 9.Nxg5
hxg5 10.Bxg5 Nbd7 11.Qf3 Qb6 12.Bxf6 Rh6 13.Bg5 Rg6 14.Be3 Bb7 15.d5 c5
16.O-O-O b4 17.Bxc4 bxc3 18.b3 Nxe5 19.Qe4 Nxc4 20.Qxc4 Bxd5 {#R} 0-1

[Event "Ch Croatia (juniors) (team) (under 20)"]
[Site "masterchessopen.com Sv. Filip i Jakov (Croatia)"]
[Date "2011.04.28"]
[Round "5"]
[White "Mestrovic Josip (CRO)"]
[Black "Pejic Igor (CRO)"]
[Result "0-1"]
[WhiteElo "1898"]
[BlackElo "2036"]

1.d4 d5 2.c4 c6 3.Nc3 Nf6 4.Nf3 e6 5.Bg5 dxc4 6.e4 b5 7.e5 h6 8.Bh4 g5 9.Nxg5
hxg5 10.Bxg5 Nbd7 11.Qf3 Qb6 12.Bxf6 Nxf6 13.exf6 Bb7 14.Qe3 O-O-O 15.O-O-O c5
16.Ne2 cxd4 17.Rxd4 Bc5 18.Rxd8+ Rxd8 19.Qc3 Qd6 20.Qe1 Bxf2 {#R} 0-1

[Event "It \"]
[Site "masterchessopen.com Moscow (Russia)"]
[Date "2011.05.06"]
[Round "7"]
[White "Ulko Jaroslav (RUS)"]
[Black "Pokhlebin Sergej (RUS)"]
[Result "1-0"]
[WhiteElo "2475"]
[BlackElo "2096"]

1.d4 d5 2.c4 c6 3.Nf3 Nf6 4.Nc3 e6 5.Bg5 dxc4 6.e4 b5 7.e5 h6 8.Bh4 g5 9.Nxg5
hxg5 10.Bxg5 Be7 11.exf6 Bxf6 12.Bxf6 Qxf6 13.g3 Bb7 14.Bg2 Na6 15.a4 O-O-O
16.axb5 cxb5 17.Bxb7+ Kxb7 18.Ra5 b4 19.O-O Nc7 20.Qa4 bxc3 21.Rxa7+ {#r} 1-0

[Event "Extraliga 2010/11"]
[Site "masterchessopen.com Slovakia"]
[Date "2011.05.08"]
[Round "11"]
[White "Stocek Jiri (CZE)"]
[Black "Federic Jozef (SVK)"]
[Result "1-0"]
[WhiteElo "2600"]
[BlackElo "2270"]

1.d4 d5 2.Nf3 Nf6 3.c4 c6 4.Nc3 e6 5.Bg5 dxc4 6.e4 h6 7.Bxf6 Qxf6 8.Bxc4 Bb4
9.O-O Nd7 10.Qe2 Qe7 11.Rad1 b6 12.e5 Bxc3 13.bxc3 Bb7 14.Nd2 c5 15.f4 g6
16.Ne4 Bxe4 17.Qxe4 O-O 18.d5 Kg7 19.dxe6 fxe6 20.Rd6 Rae8 21.Rfd1 Rf7 22.Rxd7
Qxd7 23.Rxd7 Rxd7 24.Bd3 {#r} 1-0

[Event "Ch Germany (juniors) (Internet) (under 18) (final)"]
[Site "masterchessopen.com Internet"]
[Date "2011.05.18"]
[Round "5"]
[White "Graf Felix (GER)"]
[Black "Carow Johannes (GER)"]
[Result "1-0"]
[WhiteElo "2341"]
[BlackElo "2172"]

1.d4 d5 2.c4 c6 3.Nf3 Nf6 4.Nc3 e6 5.Bg5 dxc4 6.e4 b5 7.e5 h6 8.Bh4 g5 9.exf6
gxh4 10.Ne5 Bb7 11.Be2 Qxf6 12.Bf3 a6 13.a4 Bb4 14.O-O Rg8 15.axb5 axb5
16.Rxa8 Bxa8 17.Qa1 {#r} 1-0

[Event "Ch Commonwealth (open)"]
[Site "masterchessopen.com Ekurhuleni (South Africa)"]
[Date "2011.06.24"]
[Round "8"]
[White "Irving Laura"]
[Black "Tapera Uzeni"]
[Result "0-1"]
[WhiteElo "1733"]
[BlackElo "2028"]

1.d4 d5 2.c4 c6 3.Nc3 Nf6 4.Nf3 e6 5.Bg5 dxc4 6.e4 b5 7.e5 h6 8.exf6 hxg5
9.fxg7 Bxg7 10.Qd2 g4 11.Ne5 Bb7 12.Nxg4 Qxd4 13.Qg5 Rg8 14.Rd1 Qxc3+ 15.Rd2
Qc1+ 16.Ke2 Nd7 17.Nh6 Bxh6 18.Qxg8+ Ke7 19.Rxd7+ Kxd7 20.Qxf7+ Kd6 21.f4 Bxf4
22.Kf3 c5+ 23.Kg4 Be5 24.h4 Be4 25.Bd3 Bf5+ 26.Bxf5 Qf4+ {#R} 0-1

[Event "It (open) (juniors) (under 14)"]
[Site "masterchessopen.com Liptov (Slovakia)"]
[Date "2011.06.25"]
[Round "3"]
[White "Pechac Jergus (SVK)"]
[Black "Svoboda Matej (CZE)"]
[Result "1-0"]
[WhiteElo "1960"]
[BlackElo "1982"]

1.Nf3 d5 2.d4 Nf6 3.c4 c6 4.Nc3 e6 5.Bg5 dxc4 6.e4 b5 7.e5 h6 8.Bh4 g5 9.Nxg5
hxg5 10.Bxg5 Nbd7 11.Qf3 Qb6 12.Bxf6 Nxf6 13.Qxf6 Rg8 14.Rd1 Bb7 15.Be2 Be7
16.Qf4 Bg5 17.Qe4 O-O-O 18.Bf3 Rd7 19.h4 Be7 20.h5 Rgd8 21.h6 Rxd4 22.Rxd4
Rxd4 23.h7 Rxe4+ 24.Bxe4 {#r} 1-0

[Event "Memorial Braci Bieluczykow (b)"]
[Site "masterchessopen.com Bialystok (Poland)"]
[Round "3"]
[White "Gierasimiuk Jacek (POL)"]
[Black "Bernacki Gabriel (POL)"]
[Result "0-1"]
[WhiteElo "1434"]
[BlackElo "1914"]

1.d4 d5 2.c4 c6 3.Nc3 Nf6 4.Nf3 e6 5.Bg5 dxc4 6.e4 b5 7.e5 h6 8.Bh4 g5 9.Nxg5
hxg5 10.Bxg5 Nbd7 11.exf6 Bb7 12.Qf3 Qb6 13.Qe3 O-O-O 14.Be2 c5 15.d5 exd5
16.Qf3 d4 17.Nd5 Qd6 18.Qf4 Bxd5 19.Bf3 Re8+ {#R} 0-1

[Event "It \"]
[Site "masterchessopen.com Hamburg (Germany)"]
[Date "2011.07.17"]
[Round "9"]
[White "Ditmas Hugh (GER)"]
[Black "Dinckel Joerg (GER)"]
[Result "1-0"]
[WhiteElo "1924"]
[BlackElo "2025"]

1.d4 d5 2.c4 c6 3.Nf3 Nf6 4.Nc3 e6 5.Bg5 dxc4 6.e4 b5 7.e5 h6 8.Bh4 g5 9.Nxg5
hxg5 10.Bxg5 Nbd7 11.exf6 Bb7 12.g3 c5 13.d5 Qc7 14.Bf4 Qb6 15.Bg2 O-O-O
16.O-O Nxf6 17.Be5 Bg7 18.Qf3 Bxd5 19.Nxd5 exd5 20.b3 Rhe8 21.Rfe1 Rxe5
22.Rxe5 Nd7 23.Rxd5 Bxa1 24.Rd6 Qc7 25.Qa8+ Nb8 26.Bh3+ {#r} 1-0

[Event "It (open) (b)"]
[Site "masterchessopen.com Krakow (Poland)"]
[Date "2011.08.07"]
[Round "2"]
[White "Watorek Marcin (POL)"]
[Black "Zielinski Andrzej (POL)"]
[Result "1-0"]
[WhiteElo "2155"]
[BlackElo "1896"]

1.d4 d5 2.c4 e6 3.Nc3 c6 4.Nf3 Nf6 5.Bg5 dxc4 6.e4 b5 7.e5 h6 8.Bh4 g5 9.Nxg5
hxg5 10.Bxg5 Nbd7 11.g3 Rg8 12.h4 Rxg5 13.hxg5 Nd5 14.g6 fxg6 15.Qg4 Qe7
16.Qxg6+ Kd8 17.Rh7 Qb4 18.Qg5+ Kc7 19.Qd2 Nxc3 20.bxc3 Qa3 21.Bh3 b4 22.Bxe6
bxc3 23.Qc1 Qa4 24.Bxd7 Bxd7 25.e6 {#r} 1-0

[Event "It (open) (b)"]
[Site "masterchessopen.com Rewal (Poland)"]
[Date "2011.08.27"]
[Round "8"]
[White "Borowicz Przemyslaw (POL)"]
[Black "Musialkiewicz Pawel (POL)"]
[Result "0-1"]
[WhiteElo "1966"]
[BlackElo "2032"]

1.d4 d5 2.c4 c6 3.Nc3 Nf6 4.Nf3 e6 5.Bg5 dxc4 6.e4 b5 7.e5 h6 8.Bh4 g5 9.Nxg5
hxg5 10.Bxg5 Be7 11.exf6 Bxf6 12.Bxf6 Qxf6 13.g3 Na6 14.Bg2 Bb7 15.Nxb5 O-O-O
16.Nxa7+ Kb8 17.Nxc6+ Bxc6 18.Bxc6 Nb4 19.Be4 Rxd4 20.Qe2 Rxe4 21.Qxe4 Nd3+
{#R} 0-1

[Event "Ch Europe (juniors) (under 18)"]
[Site "masterchessopen.com Albena (Bulgaria)"]
[Date "2011.09.14"]
[Round "4"]
[White "Potpara Nikola (MNE)"]
[Black "Asikuzun Berkay (TUR)"]
[Result "1-0"]
[WhiteElo "2195"]
[BlackElo "1842"]

1.d4 d5 2.c4 c6 3.Nf3 Nf6 4.Nc3 e6 5.Bg5 dxc4 6.e4 b5 7.a4 Bb4 8.e5 h6 9.exf6
hxg5 10.fxg7 Rg8 11.g3 Bb7 12.Bg2 Nd7 13.O-O Bxc3 14.bxc3 a6 15.axb5 axb5
16.Rxa8 Bxa8 17.Ne5 Nxe5 18.dxe5 Qxd1 19.Rxd1 Rxg7 20.Ra1 Bb7 21.Ra7 f5
22.exf6 Rd7 23.Rxb7 {#r} 1-0

[Event "It (open)"]
[Site "masterchessopen.com Tatranske Zruby (Slovakia)"]
[Date "2011.10.02"]
[Round "9"]
[White "Berezjuk Sergej (CZE)"]
[Black "Navratil Jiri (CZE)"]
[Result "1-0"]
[WhiteElo "2378"]
[BlackElo "2015"]

1.d4 d5 2.c4 c6 3.Nf3 Nf6 4.Nc3 e6 5.Bg5 dxc4 6.a4 Nbd7 7.e4 Qa5 8.Bd2 e5
9.Bxc4 exd4 10.Nb5 Qd8 11.Bxf7+ Kxf7 12.Ng5+ Kg6 13.f4 Nc5 14.f5+ Bxf5
15.exf5+ Kxf5 16.O-O+ Kg6 17.Nf3 Bd6 18.Nbxd4 Rf8 19.Qc2+ Kf7 20.Ng5+ Kg8
21.Rxf6 Rxf6 22.Qxh7+ Kf8 23.Qh8+ Ke7 24.Qxg7+ Ke8 25.Re1+ Be7 26.Qxf6 {#r}
1-0

[Event "It (open)"]
[Site "masterchessopen.com Panama"]
[Date "2011.11.07"]
[Round "9"]
[White "Pozo Vera Sandro (CUB)"]
[Black "Perez Luis Manuel (CUB)"]
[Result "0-1"]
[WhiteElo "2488"]
[BlackElo "2479"]

1.d4 d5 2.c4 c6 3.Nc3 Nf6 4.Nf3 e6 5.Bg5 dxc4 6.e4 b5 7.e5 h6 8.Bh4 g5 9.Bg3
Nd5 10.Be2 Nxc3 11.bxc3 Bb7 12.Nd2 c5 13.Bf3 Bxf3 14.Qxf3 Nd7 15.dxc5 Bg7
16.Ne4 O-O 17.Rd1 Qe7 18.c6 Nxe5 19.Bxe5 Bxe5 20.Rd2 Qa3 21.O-O Rad8 22.Rfd1
Rxd2 23.Nxd2 Qxa2 24.Qe3 Rd8 {#R} 0-1

[Event "Ch World (juniors) (under 18)"]
[Site "masterchessopen.com Caldas Novas (Brazil)"]
[Date "2011.11.20"]
[Round "3"]
[White "Salazar Loor Rodger (ECU)"]
[Black "Salinas Herrera Pablo (CHI)"]
[Result "0-1"]
[WhiteElo "2021"]
[BlackElo "2307"]

1.d4 e6 2.c4 d5 3.Nc3 Nf6 4.Nf3 c6 5.Bg5 dxc4 6.e4 b5 7.e5 h6 8.Bh4 g5 9.Nxg5
hxg5 10.Bxg5 Nbd7 11.exf6 Bb7 12.Be2 Qc7 13.h3 O-O-O 14.Qc1 e5 15.d5 cxd5
16.a4 b4 17.Nb5 Qa5 18.Bxc4 Kb8 19.Be2 a6 20.Be3 Rc8 21.Qd2 Nc5 22.O-O axb5
23.axb5 Qb6 24.Qe1 d4 25.Bd2 Nb3 26.Ra4 Rg8 {#R} 0-1

[Event "It \"]
[Site "masterchessopen.com Wijk aan Zee (Netherlands)"]
[Date "2011.11.21"]
[Round "1"]
[White "Bernadskiy Vitaliy (UKR)"]
[Black "Sethuraman S P (IND)"]
[Result "1-0"]
[WhiteElo "2439"]
[BlackElo "2543"]

1.d4 d5 2.c4 c6 3.Nf3 Nf6 4.Nc3 e6 5.Bg5 dxc4 6.a4 Bb4 7.e4 Bxc3+ 8.bxc3 Qa5
9.e5 Ne4 10.Rc1 Nd7 11.Be3 Nb6 12.Qc2 f5 13.exf6 Nxf6 14.Ra1 O-O 15.Ne5 Ne4
16.Ra3 Nd6 17.Qa2 Qd5 18.a5 Nd7 19.Nxc4 Nb5 20.Rb3 Kh8 21.Qe2 e5 22.dxe5 Nxe5
{#r} 1-0

[Event "It (open)"]
[Site "masterchessopen.com Bogota (Colombia)"]
[Date "2011.12.08"]
[Round "5"]
[White "Narvaez Faber Alberto (COL)"]
[Black "Ruiz C Joshua D (COL)"]
[Result "1-0"]
[WhiteElo "2165"]
[BlackElo "2241"]

1.d4 d5 2.Nf3 Nf6 3.c4 e6 4.Nc3 c6 5.Bg5 dxc4 6.e4 b5 7.e5 h6 8.Bh4 g5 9.Nxg5
hxg5 10.Bxg5 Nbd7 11.exf6 Bb7 12.g3 c5 13.d5 Qb6 14.Bg2 O-O-O 15.O-O Nb8
16.Qg4 b4 17.Rfe1 bxc3 18.dxe6 Rd4 19.Qf5 Bd6 20.e7+ Kc7 21.bxc3 Bxg2 22.cxd4
Bc6 23.Rab1 Qa5 24.Bf4 Na6 25.Bxd6+ Kxd6 26.Qe5+ {#r} 1-0

[Event "It (cat.6)"]
[Site "masterchessopen.com Bogoroditsk (Russia)"]
[Date "2011.12.18"]
[Round "11"]
[White "Kotova Larisa (RUS)"]
[Black "Ibrahimov Rasul (AZE)"]
[Result "0-1"]
[WhiteElo "2211"]
[BlackElo "2532"]

1.d4 d5 2.c4 c6 3.Nf3 Nf6 4.Nc3 e6 5.Bg5 dxc4 6.e4 b5 7.a4 Bb4 8.e5 h6 9.exf6
hxg5 10.fxg7 Rg8 11.h4 gxh4 12.Rxh4 Qf6 13.Qc2 Bb7 14.Qe4 a6 15.Ne5 Rxg7
16.axb5 axb5 17.Rxa8 Bxa8 18.Rh8+ Bf8 19.Nxb5 Qd8 20.Bxc4 Qa5+ 21.Nc3 Qa1+
22.Nd1 Qa5+ 23.Kf1 Qd2 24.Be2 Qa5 25.Nxf7 {#R} 0-1

[Event "Ch Germany (juniors) (club) (under 16)"]
[Site "masterchessopen.com Triptis (Germany)"]
[Date "2011.12.29"]
[Round "6"]
[White "Hahn Cedric"]
[Black "Grunau Christoph"]
[Result "0-1"]
[WhiteElo "1671"]
[BlackElo "1868"]

1.d4 d5 2.Nf3 Nf6 3.c4 c6 4.Nc3 e6 5.Bg5 dxc4 6.e4 b5 7.e5 h6 8.Bh4 g5 9.Nxg5
hxg5 10.Bxg5 Nbd7 11.exf6 Bb7 12.Be2 Qb6 13.Bf3 O-O-O 14.Be3 Ne5 15.Be4 c5
16.Bxb7+ Qxb7 17.Ne2 Qxg2 18.Ng3 cxd4 {#R} 0-1

[Event "Ch Greece (juniors) (under 18)"]
[Site "masterchessopen.com Nikea (Greece)"]
[Date "2012.01.07"]
[Round "7"]
[White "Xigis Michail (GRE)"]
[Black "Papadopoulos Argirios (GRE)"]
[Result "0-1"]
[WhiteElo "1698"]
[BlackElo "1772"]

1.d4 d5 2.c4 c6 3.Nf3 Nf6 4.Nc3 e6 5.Bg5 dxc4 6.e4 b5 7.e5 h6 8.Bh4 g5 9.Nxg5
hxg5 10.Bxg5 Nbd7 11.exf6 Bb7 12.g3 Qc7 13.Bg2 c5 14.d5 b4 15.Na4 Qe5+ 16.Be3
Bxd5 17.O-O Bxg2 18.Kxg2 Qe4+ 19.Kg1 Ne5 {#R} 0-1

[Event "Czech League 2011/12 (2nd) (a)"]
[Site "masterchessopen.com Czech Republic"]
[Date "2012.02.19"]
[Round "8"]
[White "Houska Jiri (CZE)"]
[Black "Novak Petr (GER)"]
[Result "0-1"]
[WhiteElo "2212"]
[BlackElo "2218"]

1.d4 d5 2.c4 c6 3.Nc3 Nf6 4.Nf3 e6 5.Bg5 dxc4 6.e4 b5 7.e5 h6 8.Bh4 g5 9.Nxg5
hxg5 10.Bxg5 Nbd7 11.g3 Qb6 12.exf6 Bb7 13.Bg2 O-O-O 14.O-O Bh6 15.h4 Bxg5
16.hxg5 Ne5 17.dxe5 Rxd1 18.Raxd1 c5 19.Rd6 Bxg2 20.Rxb6 Bf3 {#R} 0-1

[Event "Bundesliga B East 2011/12"]
[Site "masterchessopen.com Austria"]
[Date "2012.03.04"]
[Round "7"]
[White "Kuthan Andreas (AUT)"]
[Black "Bachofner Christian (AUT)"]
[Result "1-0"]
[WhiteElo "2213"]
[BlackElo "2065"]

1.d4 d5 2.c4 c6 3.Nf3 Nf6 4.Nc3 e6 5.Bg5 dxc4 6.e4 b5 7.e5 h6 8.Bh4 g5 9.exf6
gxh4 10.Ne5 Qxf6 11.g3 Bb7 12.Bg2 h3 13.Bxh3 Nd7 14.Nxd7 Kxd7 15.Bg2 Kc7 16.a4
a6 17.O-O Bg7 18.Ne4 Qxd4 19.Qh5 Rhf8 20.Rfd1 Qxb2 21.Qc5 Bf6 22.Qd6+ Kb6
23.a5+ Ka7 24.Qc5+ Kb8 25.Qxf8+ {#r} 1-0

[Event "It \"]
[Site "masterchessopen.com Kecskemet (Hungary)"]
[Date "2012.03.25"]
[Round "9"]
[White "Aswin Jayaram (IND)"]
[Black "Kislik Erik Andrew (USA)"]
[Result "1-0"]
[WhiteElo "2472"]
[BlackElo "2380"]

1.d4 d5 2.c4 c6 3.Nf3 Nf6 4.Nc3 e6 5.Bg5 dxc4 6.a4 Bb4 7.e4 Qa5 8.Bd2 c5
9.Bxc4 cxd4 10.Nxd4 Qc5 11.Bb5+ Bd7 12.Nb3 Qb6 13.e5 Bxc3 14.Bxc3 Nd5 15.Ba5
{#r} 1-0

[Event "Ch Austria (juniors) (under 18)"]
[Site "masterchessopen.com Untersiebenbrunn (Austria)"]
[Date "2012.04.03"]
[Round "4"]
[White "Rauchlahner Robert jun (AUT)"]
[Black "Medwed Kai"]
[Result "0-1"]
[WhiteElo "1854"]
[BlackElo "1950"]

1.d4 d5 2.Nf3 Nf6 3.c4 c6 4.Nc3 e6 5.Bg5 dxc4 6.e4 b5 7.e5 h6 8.Bh4 g5 9.exf6
gxh4 10.Ne5 Qxf6 11.a4 h3 12.gxh3 Rg8 13.Be2 Bb7 14.Bf3 a6 15.axb5 axb5
16.Nxb5 Bb4+ 17.Nc3 Qf4 18.Rxa8 Bxa8 19.Nxc4 Ke7 20.Ne3 Rd8 21.Nc2 Bc5 22.O-O
Rg8+ 23.Bg2 Bd6 {#R} 0-1

[Event "Tournament (Elo)"]
[Site "masterchessopen.com Jatai (Brazil)"]
[Date "2012.04.30"]
[Round "6"]
[White "Rezende Guilherme Vilela"]
[Black "Teixeira Fabiano De Lima"]
[Result "1-0"]
[WhiteElo "2039"]
[BlackElo "1810"]

1.d4 d5 2.c4 c6 3.Nc3 Nf6 4.Nf3 e6 5.Bg5 dxc4 6.e4 Be7 7.Bxc4 O-O 8.O-O Nbd7
9.Qc2 Re8 10.Rad1 b5 11.Bd3 a6 12.e5 Nd5 13.Ne4 f6 14.exf6 gxf6 15.Bh6 Nf8
16.Rfe1 Ng6 17.g3 Qb6 18.h4 Bb4 19.h5 Ngf4 20.gxf4 Bxe1 21.Nxe1 Kh8 22.Nd6 Qc7
23.Nxe8 {#r} 1-0

[Event "Ch World (schools) (under 13)"]
[Site "masterchessopen.com Iasi (Romania)"]
[Date "2012.05.04"]
[Round "7"]
[White "Doluweera Minul Sanjula"]
[Black "Mamyrbay Assad"]
[Result "0-1"]
[WhiteElo "1745"]
[BlackElo "1482"]

1.c4 e6 2.Nc3 d5 3.d4 c6 4.Nf3 Nf6 5.Bg5 dxc4 6.e4 b5 7.Be2 Bb7 8.O-O Nbd7
9.a4 a6 10.Re1 Be7 11.axb5 cxb5 12.d5 Qb6 13.Be3 Qc7 14.dxe6 fxe6 15.Ng5 Qc6
16.Bf3 Ne5 17.Bd4 Rd8 18.Bxe5 Rxd1 19.Raxd1 Nd7 20.Bxg7 Rg8 21.e5 Qb6 22.Rd6
Bxd6 23.exd6 Bxf3 24.Rxe6+ Kd8 25.Nxf3 Rxg7 {#R} 0-1

[Event "Ch Scotland"]
[Site "masterchessopen.com Glasgow (Scotland)"]
[Date "2012.07.11"]
[Round "5"]
[White "Nikolov Momchil (BUL)"]
[Black "McKay Roderick M (SCO)"]
[Result "1-0"]
[WhiteElo "2556"]
[BlackElo "2376"]

1.d4 d5 2.Nf3 Nf6 3.c4 c6 4.Nc3 e6 5.Bg5 dxc4 6.e4 b5 7.e5 h6 8.Bh4 g5 9.Nxg5
hxg5 10.Bxg5 Nbd7 11.exf6 Qa5 12.Be2 Bb7 13.O-O O-O-O 14.Qc1 c5 15.Rd1 cxd4
16.Rxd4 Bc5 17.b4 Bxb4 18.Nxb5 Qxb5 19.Rxc4+ Kb8 20.Rb1 Nb6 21.Rbxb4 Qd5
22.Rg4 Qxa2 23.Rb2 Qa3 24.h4 Rd7 25.Rgb4 Rc8 26.Qb1 {#r} 1-0

[Event "It (open)"]
[Site "masterchessopen.com Pardubice (Czech Republic)"]
[Date "2012.07.20"]
[Round "1"]
[White "Biolek Richard Jr (CZE)"]
[Black "Schnitzer Peter (GER)"]
[Result "1-0"]
[WhiteElo "2404"]
[BlackElo "2197"]

1.d4 d5 2.c4 c6 3.Nc3 Nf6 4.Nf3 e6 5.Bg5 dxc4 6.e4 b5 7.e5 h6 8.Bh4 g5 9.Bg3
Nd5 10.Be2 Nxc3 11.bxc3 Nd7 12.O-O Bb7 13.Nd2 c5 14.Bf3 Qc8 15.Rb1 Bc6 16.Ne4
Be7 17.d5 exd5 18.Nd6+ Bxd6 19.exd6 Nf6 20.Be5 Qf5 21.Bxf6 Qxf6 22.Bxd5 Kd7
23.Qg4+ Kxd6 24.Rfd1 Bxd5 25.Rxd5+ Kxd5 26.Qd7+ {#r} 1-0

[Event "Ch Bulgaria (open) (w)"]
[Site "masterchessopen.com Vratsa (Bulgaria)"]
[Date "2012.07.28"]
[Round "8"]
[White "Milutinovic Stefana (SRB)"]
[Black "Olea Liliana (ROM)"]
[Result "1-0"]
[WhiteElo "1896"]
[BlackElo "2014"]

1.d4 d5 2.c4 e6 3.Nf3 Nf6 4.Nc3 c6 5.Bg5 dxc4 6.e4 h6 7.Bxf6 Qxf6 8.Bxc4 Nd7
9.O-O e5 10.dxe5 Nxe5 11.Nxe5 Qxe5 12.Qb3 Qh5 13.e5 Be7 14.e6 f5 15.Rad1 O-O
16.Rfe1 Kh8 17.a4 Qg6 18.Ne2 b5 19.axb5 Rb8 20.Nf4 Qg5 21.Qg3 Bb7 22.Ng6+ Kg8
23.Qxg5 Bxg5 24.e7+ {#r} 1-0